| Tag |
First Indicator |
Second Indicator |
Subfields |
| LEADER |
00000cam a2200000Ii 4500 |
| 001 |
in00004035721 |
| 005 |
20180718090518.0 |
| 008 |
180523s2018 nmua 000 0 eng d |
| 020 |
|
|
|a 9781988943107
|
| 020 |
|
|
|a 1988943108
|
| 035 |
|
|
|a (OCoLC)on1038049599
|
| 035 |
|
|
|a (OCoLC)1038049599
|
| 040 |
|
|
|a TXA
|b eng
|e rda
|c TXA
|d UtOrBLW
|
| 049 |
|
|
|a TXAM
|
| 050 |
|
4 |
|a GV1469.62.B68
|b C53 2018
|
| 100 |
1 |
|
|a Chaipraditkul, Elizabeth,
|e author.
|
| 245 |
1 |
0 |
|a Book of rooms :
|b a supplement for Bluebeard's bride, the tabletop RPG /
|c writing by Elizabeth Chaipraditkul, Marissa Kelly, Felipe Real, Sarah Richardson.
|
| 264 |
|
1 |
|a [Albuquerque] :
|b Magpie Games,
|c [2018?]
|
| 300 |
|
|
|a 93 pages :
|b color illustrations ;
|c 21 cm
|
| 336 |
|
|
|a text
|b txt
|2 rdacontent
|
| 337 |
|
|
|a unmediated
|b n
|2 rdamedia
|
| 338 |
|
|
|a volume
|b nc
|2 rdacarrier
|
| 500 |
|
|
|a Cover title.
|
| 500 |
|
|
|a Expansion for Bluebeard's bride, a game of feminine horror based on the original fairy tale. For 3-5 players, adults only. Based on the "Powered by the Apocalypse" system.
|
| 650 |
|
0 |
|a Fantasy games
|v Handbooks, manuals, etc.
|0 http://id.loc.gov/authorities/subjects/sh2009124118
|
| 650 |
|
0 |
|a Role playing.
|0 http://id.loc.gov/authorities/subjects/sh85114860
|
| 600 |
0 |
0 |
|a Bluebeard
|c (Legendary character)
|0 http://id.loc.gov/authorities/names/no2017155113
|
| 700 |
1 |
|
|a Kelly, Marissa,
|e author.
|
| 700 |
1 |
|
|a Real, Felipe,
|e author.
|
| 700 |
1 |
|
|a Richardson, Sarah,
|e author.
|0 http://id.loc.gov/authorities/names/no2012135724
|
| 700 |
1 |
|
|i Supplement to (work):
|a Beltrán, Whitney.
|t Bluebeard's bride.
|
| 994 |
|
|
|a C0
|b TXA
|
| 948 |
|
|
|a cataloged
|b h
|c 2018/5/30
|d c
|e nbehmer
|f 4:22:11 pm
|
| 999 |
f |
f |
|s ad57dfdb-ec9e-3363-abdc-223ee1d7f578
|i 33e6807c-104f-3cff-b940-5ea86202772e
|t 0
|
| 952 |
f |
f |
|p normal
|a Texas A&M University
|b College Station
|c Sterling C. Evans Library
|d Evans: Library Stacks
|t 0
|e GV1469.62.B68 C53 2018
|h Library of Congress classification
|i unmediated -- volume
|m A14843665747
|
| 998 |
f |
f |
|a GV1469.62.B68 C53 2018
|t 0
|l Evans: Library Stacks
|